00901nam a2200313Ia 4500001000700000003000500007008004100012010001100053020002200064040000900086082001700095245006500112250001100177260003200188300001100220503001400231504002700245650003700272650003500309650003800344700004300382901001700425902000600442910000900448942000600457942000700463999001900470952009800489Z_5931CHAP220113s9999 xx 000 0 und d a169139 a978-968-24-3218-7 cCHAP a574.5247 M36 aManual de ecología /cJonathan Franco López... [et al.] a2a ed. aMéxico :bTrillas,c  a266 p. aej.1: C/E aIncluye bibliografía aEcología xx Manuales9143489 aEcología comunitaria9143490 aEcología de poblaciones9143491 aFranco López, Jonathan, aut.9143492 a574.5247 M36 aM a  c1 cc1 c169139d169139 00102ddc40708GRALaZbZc1d2011-02-22pz_5845r2022-01-18 00:00:00t1w2022-01-18yLIBRO